| 000 | 02248nam a2200301 a 4500 | ||
|---|---|---|---|
| 001 | BRCA_8741 | ||
| 005 | 20190320210404.0 | ||
| 008 | 240217s1702----sp-#######---#000-0#spa-# | ||
| 041 | _aspa | ||
| 044 | _asp | ||
| 084 |
_aBE98 _b.M36 1702 |
||
| 245 | 1 | 0 |
_aMana del Alma, o Exercicio fácil, y Provechoso para quien desea darle de algún modo à la oración _cpropuesto por el M.R.P. Pablo Señeri, de la Compañía de Jesvs, Theologo de la Santidad de Inocencio XII, para todos los días el año; y traducido del italiano al español por Doct. Francisco de Rofrán. |
| 260 |
_aMadrid _bPor los Herederos de Antonio Romàn _c1702 |
||
| 300 |
_a[1], 414 p. (t.3) _c21 x 15 cm. |
||
| 500 | _aCon marca de fuego: “Procedencia de la marca: Convento de San Francisco de Querétaro(1). Institución: Orden de Frailes Menores. Provincia de San Pedro y San Pablo de Michoacán. Descripción: Tres iniciales separadas: ´C´, ´S´ y ´Q´ en cuya silueta se agregó el resto del texto: C[onvento] S[an Francisco] Q[uerétaro]. Luego el escudo franciscano de las 5 llagas inscrito en un círculo formado del cordón franciscano. Observaciones: Rafael Sala, Carlos Krausse y David Saavedra Vega la catalogan como perteneciente al Convento de San Francisco de Querétaro. Ubicación de la marca en el libro: Canto superior, inferior y fronta” | ||
| 500 | _aDedica el tradvctor toda la obra al B.Stanislao Kosfka, de la Compañía de Jesús. Añadese al fin de ella el infierno abierto, discurso postumo del mismo Autor | ||
| 500 | _aCon licencia | ||
| 500 | _aAcosta de Francisco Lasso, Mercader de Libros. Vendese en su casa en la Puerta del Sol, enfrente de San Felipe | ||
| 500 | _aEstado físico: presenta encuadernación en pergamino desprendida y algunas hojas rotas, manchadas y quemadas | ||
| 505 | 0 | _aContiene: agosto, septiembre, octubre | |
| 650 | 1 | 4 |
_aEjercicios espirituales _yObras anteriores a 1800 _921768 |
| 700 | 1 |
_aSeñeri, Pablo _d1624 - 1694 _eautor _921265 |
|
| 700 | 1 |
_aKosfka, Stanislao _921769 |
|
| 700 | 1 |
_aRofrán, Francisco de _etr. _921770 |
|
| 856 | _ahttp://www.marcasdefuego.buap.mx:8180/xmLibris/projects/firebrand/item.jsp?repository=marcas_de_fuego&key=d6defe3d.xml&num=14 | ||
| 902 | _aCFM | ||
| 942 |
_2lcc _cB |
||
| 999 |
_c8393 _d8393 |
||